| 000 | 00666nam a22001577a 4500 | ||
|---|---|---|---|
| 003 | OSt | ||
| 005 | 20150912134350.0 | ||
| 008 | 150912b xxu||||| |||| 00| 0 eng d | ||
| 040 | _cRUA | ||
| 082 | _aAGR សូរ 1996 B015 Or.1 | ||
| 100 |
_9322 _aសូរ ថាវរិទ្ធ |
||
| 245 | _aការត្រួតពិនិត្យភូតគាមអនាម័យលើកសិផលនាំចេញទៅ និង នំាចូលពីវៀតណាម (phytosanitary inspection on the agricultural products exported to and imported from vietna)m | ||
| 260 |
_aPhnom Penh _bRUA _c1996 |
||
| 300 |
_a71p. _bill. _c29cm. |
||
| 942 |
_2ddc _cAGR |
||
| 999 |
_c302 _d302 |
||